| 000 | 03477cam a22012134i 4500 | ||
|---|---|---|---|
| 003 | PE-LiUPU | ||
| 005 | 20250813185540.0 | ||
| 008 | 150625s r 000 0 d | ||
| 020 | _a8497321901 | ||
| 035 | _a(Sirsi) i9788497321907 | ||
| 040 |
_aPE-LiUPU _bspa _cPE-LiUPU _erda |
||
| 049 | _aPRUA | ||
| 082 | 0 | 4 |
_a300.72 _bL85 _221 |
| 100 | 1 |
_aLosada, José Luis, _eautor. |
|
| 245 | 1 | 0 |
_aMétodos de investigación en ciencias humanas y sociales / _cJosé Luis Losada y Rafael López-Feal Ramil. |
| 264 | 1 |
_aMadrid : _bInternaciónal Thomson Editores, _c2003. |
|
| 300 |
_a246 páginas ; _c24 centímetros |
||
| 336 |
_atext _2rdacontent |
||
| 337 |
_aunmediated _2rdamedia |
||
| 338 |
_avolume _2rdacarrier |
||
| 504 | _aincluye bibliografía. | ||
| 505 | 0 | _aFundamentos y estructura del método científico. -Metología obsrvacional. -Metodología asociada a la investigación cualitativa. -Fundamentos de la medición, escalas de medida, modelos de escalamiento y diseño de tesis psicométricos. -Etapas y procesos asociados a la construcción de tests psicométricos de norma de grupo orientados a la medición de estados. -Tests psicométricos adaptados a la medición del cambio. | |
| 526 | _aP202 | ||
| 526 | _aP201 | ||
| 526 | _aP163 | ||
| 526 | _aP162 | ||
| 526 | _aP161 | ||
| 526 | _aP160 | ||
| 526 | _aP148 | ||
| 526 | _aP147 | ||
| 526 | _aP146 | ||
| 526 | _aP145 | ||
| 526 | _aP144 | ||
| 526 | _aP143 | ||
| 526 | _aP142 | ||
| 526 | _aP141 | ||
| 526 | _aP140 | ||
| 526 | _aP139 | ||
| 526 | _aP138 | ||
| 526 | _aP137 | ||
| 526 | _aP136 | ||
| 526 | _aP135 | ||
| 526 | _aP134 | ||
| 526 | _aP133 | ||
| 526 | _aP129 | ||
| 526 | _aP128 | ||
| 526 | _aP127 | ||
| 526 | _aP120 | ||
| 526 | _aP119 | ||
| 526 | _aP118 | ||
| 526 | _aP116 | ||
| 526 | _aP115 | ||
| 526 | _aP114 | ||
| 526 | _aP110 | ||
| 526 | _aP109 | ||
| 526 | _aP108 | ||
| 526 | _aP104 | ||
| 526 | _aP103 | ||
| 526 | _aP102 | ||
| 526 | _aP99 | ||
| 526 | _aP98 | ||
| 526 | _aP97 | ||
| 526 | _aP96 | ||
| 526 | _aP95 | ||
| 526 | _aP93 | ||
| 526 | _aP90 | ||
| 526 | _aP89 | ||
| 526 | _aP88 | ||
| 526 | _aP83 | ||
| 526 | _aP82 | ||
| 526 | _aP62 | ||
| 526 | _aP59 | ||
| 526 | _aP58 | ||
| 526 | _aP57 | ||
| 526 | _aP51 | ||
| 526 | _aP49 | ||
| 526 | _aP48 | ||
| 526 | _aP47 | ||
| 526 | _aP29 | ||
| 526 | _aP24 | ||
| 526 | _aP20 | ||
| 526 | _aP19 | ||
| 526 | _aP17 | ||
| 526 | _aP15 | ||
| 526 | _aP14 | ||
| 526 | _aP12 | ||
| 526 | _aP10 | ||
| 526 | _aP09 | ||
| 526 | _aP08 | ||
| 526 | _aP07 | ||
| 526 | _aP06 | ||
| 526 | _aP05 | ||
| 526 | _aP04 | ||
| 526 | _aP01 | ||
| 541 | _g3838; | ||
| 650 | 0 | 4 |
_aCiencias humanas _xMetodología. |
| 650 | 0 | 4 |
_aCiencias sociales _xMetodología. |
| 700 | 1 |
_aLópez-Feal Ramil, Rafael, _eautor. |
|
| 942 |
_2ddc _cBOOK |
||
| 949 |
_aPGS 300.72 L85 _wDEWEY _c1 _i59216 _d2015-10-29 _lCCODEBUL1 _mBUL _p27.00 _q1 _r0 _sY _tBOOK _u2015-6-25 _xSALUD _PP82 _0COMPRA _o.CIRCNOTE. No olvidar cambiar la fecha de devolución!!!!!!! _o.STAFF. Colección General |
||
| 994 |
_aC0 _bPEPRU |
||
| 596 | _a1 | ||
| 999 |
_aPGS 300.72 L85 _wDEWEY _c48022 _i59216 _d48022 _f2021-11-4 _g4 _lCCODEBUL1 _mBUL _p27.00 _q1 _r0 _sY _tBOOK _u2015-6-25 _xBIBLIOTECA _PP82 _0COMPRA _o.CIRCNOTE. No olvidar cambiar la fecha de devolución!!!!!!! _o.STAFF. Colección General |
||
| 980 |
_81 _gALBERTO SANCHEZ Responsable de Automatización |
||